[Event "Chennai op 2nd"]
[Site "Chennai"]
[Date "2010.01.25"]
[Round "1"]
[White "Md Aminismail, Khadri"]
[Black "Venkatesh, Marani Rajendran"]
[Result "0-1"]
[WhiteElo "1838"]
[BlackElo "2432"]
[PlyCount "64"]
[EventDate "2010.01.25"]
[EventType "swiss"]
[EventRounds "11"]
[EventCountry "IND"]
[SourceTitle "CBM 134 Extra"]
[Source "ChessBase"]
[SourceDate "2010.03.03"]
[SourceVersion "1"]
[SourceVersionDate "2010.03.03"]
[SourceQuality "1"]

1. d4 Nf6 2. c4 e6 3. Nc3 Bb4 4. Qc2 0-0 5. Nf3 d5 6. e3 b6 7. a3 Bxc3+ 8. bxc3 Ba6 9. Ne5 Nfd7 10. Nxd7 Nxd7 11. Bd3 Nf6 12. cxd5 Bxd3 13. Qxd3 Qxd5 14. f3 e5 15. c4 Qd6 16. d5 e4 17. Qd4 c5 18. Qb2 b5 19. Qxb5 Rab8 20. Qa5 Qe5 21. Ra2 Rb1 22. f4 Qb8 23. Qc3 Rb3 24. Qd2 Ng4 25. Qe2 Nxe3 26. Bxe3 Rb1+ 27. Kf2 Rxh1 28. Rb2 Qd6 29. Qh5 Qf6 30. Re2 Rb8 31. Rd2 Qa1 32. Re2 Rb3 0-1